South Eastern Kenya University

Library Online Public Access Catalogue


A Guide to Treatments that work/ (Record no. 15186)

MARC details
000 -LEADER
fixed length control field 00376nam a2200121 4500
020 ## - ISBN
International Standard Book Number 0195102274
050 ## - LIBRARY OF CONGRESS CALL NUMBER
Classification Number RC 480.5
Item Number .G 85
245 ## - TITLE
Title A Guide to Treatments that work/
Statement of responsibility, etc edided by Peter E. Nathan, Jack M. Gorman.
260 ## - PUBLICATION, DISTRIBUTION, ETC.(IMPRINT)
Place of publication, distribution, etc Oxford University Press :
Name of publisher, distributor, etc New York,
Date of publication, distribution, etc 1998.
300 ## - PHYSICAL DESCRIPTION
Extent xxx, 594 p. :
650 ## - SUBJECT--TOPIC
Topical term following geographic name as entry element Mental illness
Form subdivision Treatment
General subdivision Evaluation
942 ## - ADDED ENTRY ELEMENTS(KOHA)
Source of classification or shelving scheme Library of Congress Classification
Koha item type General circulation
Holdings
Source of classification or shelving scheme Not for loan Location (home branch) Sublocation (holding branch) Shelving location Date accessioned Full call number Barcode Koha item type
Library of Congress Classification   Main Campus Library Main Campus Library   13/06/2016 RC 480.5 .G 85 2016/017889 General circulation
Kitui, Kenya.
+254736116989
library@seku.ac.ke